| 000 | 00718nam a2200181Ia 4500 | ||
|---|---|---|---|
| 008 | 100920s9999 xx 000 0 und d | ||
| 082 |
_b40268 _a28 व 539 थ 59 |
||
| 100 | _aदेसाई दामोदर सीताराम. | ||
| 245 | _aप्रवाही सुवर्ण (खनिज तेल). | ||
| 260 |
_bचित्रशाळा प्रकाशन,पुणे2. _c1959 |
||
| 300 |
_a84 _bसाधी |
||
| 365 | _b1.25 | ||
| 520 | _aबा.वि.शाआ. | ||
| 630 | _aप्रवाही सुवर्ण (खनिज तेल). | ||
| 650 | _aबा.वि.शाआ. | ||
| 730 | _aप्रवाही सुवर्ण (खनिज तेल). | ||
| 942 | _cBOOK | ||
| 999 |
_c691426 _d691423 |
||